黑龙江省县级市 - Statistics

General Stats
  • This quiz has been taken 15 times
  • The average score is 16 of 21
Answers on the Map
Answers color-coded by a green-red scale on the quiz's map according to % correct below.
 
Answer Stats
Answer % Correct
漠河市
100%
五常市
93%
抚远市
93%
绥芬河市
93%
五大连池市
93%
尚志市
86%
同江市
86%
嫩江市
86%
讷河市
79%
穆棱市
79%
北安市
79%
虎林市
71%
铁力市
71%
富锦市
71%
海林市
71%
宁安市
71%
肇东市
71%
密山市
64%
东宁市
64%
安达市
57%
海伦市
57%
No matching quizzes found
Score Distribution
Percent of People with Each Score
Percentile by Number Answered
Your Score History
You have not taken this quiz